| 000 | 00847nas a2200253 4500 | ||
|---|---|---|---|
| 001 | BR7305597 | ||
| 003 | BR-BrBNA | ||
| 005 | 20231205082539.0 | ||
| 007 | ta | ||
| 008 | 230509b bl.|||p| |||| 00| 00por d | ||
| 040 |
_aBR-BrBNA _bpor _cBiblioteca Nacional de Agricultura |
||
| 041 | _a(En) | ||
| 072 | _aF70 | ||
| 100 | 1 | _aJoly, A.B. | |
| 100 | 1 | _aSazima, M. | |
| 100 | 1 | _aSemir, J. | |
| 245 | 1 | _aAlgas marinhas bentonicas de profundidade adicoes a flora brasileira IV [Nordeste, Brasil, Avrainvillea longicaulis, Caulerpa floridana, Siphonocladus rigidus, Siphonocladus tropicus] | |
| 650 | _aTAXONOMIA VEGETAL | ||
| 650 | _aALGA MARINHA | ||
| 650 | _aREGIAO NORDESTE | ||
| 773 | 0 |
_tBoletim de Botanica (Brazil) _xISSN 0302-2439 _g(1976), v. 4 p. 121-128 _wBR7305597 |
|
| 909 |
_a202311 _bLúcia _c55 _dLúcia Elande |
||
| 942 |
_2AGRIS _n0 _cANA |
||
| 999 |
_c92705 _d92705 |
||